书目信息 |
| 题名: |
《邓小平论党风廉政建设和反腐败》讲析
|
|
| 作者: | ;中央纪委宣传教室 | |
| 分册: | ||
| 出版信息: | 北京 中国方正出版社 1999 |
|
| 页数: | 242页 | |
| 开本: | 20cm | |
| 丛书名: | ||
| 单 册: | ||
| 中图分类: | D2-0 , D264.2 | |
| 科图分类: | ||
| 主题词: | 邓小平理论--中国共产党--廉政建设--思想评论 , 邓小平论党风廉政建设--学习参考资料 | |
| 电子资源: | ||
| ISBN: | 7-80107-274-X | |
| 000 | 00767nam0 2200217 450 | |
| 001 | 0756491827 | |
| 005 | 20070707161623.25 | |
| 010 | @a7-80107-274-X@dCNY11.60 | |
| 100 | @a20070707d1999 km y0chiy0120 ea | |
| 101 | 0 | @achi |
| 102 | @aCN | |
| 200 | 1 | @a《邓小平论党风廉政建设和反腐败》讲析@A《deng xiao ping lun dang feng lian zheng jian she he fan fu bai》jiang xi@f中央纪委宣传教室@Fzhong yang ji wei xuan chuan jiao shi |
| 210 | @a北京@c中国方正出版社@d1999 | |
| 215 | @a242页@d20cm | |
| 606 | 0 | @a邓小平理论@x中国共产党@x廉政建设@x思想评论 |
| 606 | 0 | @a邓小平论党风廉政建设@x学习参考资料 |
| 690 | @aD2-0@v3 | |
| 690 | @aD264.2@v3 | |
| 711 | 02 | @a中央纪委宣传教室@Azhong yang ji wei xuan chuan jiao shi |
| 801 | 0 | @aCN@bPFT@c20070707 |
| 905 | @a10447@dD2-0@e112 | |
| 《邓小平论党风廉政建设和反腐败》讲析/中央纪委宣传教室.-北京:中国方正出版社,1999 |
| 242页;20cm |
| ISBN 7-80107-274-X:CNY11.60 |
| ● |
| 相关链接 |
|
|
|
|
正题名:《邓小平论党风廉政建设和反腐败》讲析
索取号:D2-0/112
 
预约/预借
| 序号 | 登录号 | 条形码 | 馆藏地/架位号 | 状态 | 备注 |
| 1 | 0765975 | 207659755 | 第一样本阅览室/ [索取号:D2-0/112] | 在馆 | |
| 2 | 0768771 | 207687715 | 密集书库/ [索取号:D2-0/112] | 在馆 |